000
00266pab a2200109 454500
008
180718b xxu||||| |||| 00| 0 eng d
100
_a
O'Brien, R.J.(BOB)
245
_a
Policing in the 21st century
650
_a
Police
773
_a
Indian Public Journal
909
_a
23847
999
_c
23847
_d
23847